000 00346nam a2200133Ia 4500
008 220216s9999 xx 000 0 und d
100 _aMogi Yasuo
245 0 _aAdvanced rubber heading and spreading
260 _bRubber International Magazine
_c2000
300 _a44-50
650 _aRubber heading
650 _aRubber spreading
942 _cJS
999 _c53861
_d53861